000 00910cam a2200241 4500
001 sa 68017397
003 DLC
005 20260227112702.0
008 901001s1968 io 00010 eng
010 _asa 68017397 //r90
025 _aPL480:Indo-7851
040 _aDLC
_cDLC
_dDLC
050 0 0 _aZ7164.F7
_bP85
082 0 0 _a016.338/1/9/91
110 2 0 _aPusat Dokumentasi Ilmiah Nasional (Indonesia)
245 1 0 _aFood in Indonesia, 1952-1967;
_ba bibliography.
260 0 _a[Djakarta]
_bIndonesian National Scientific Documentation Center
_c[1968]
300 _ax, 104 p.
_c24 cm.
500 _aPrepared for the United States National Academy of Sciences and the Indonesian Institute of Sciences "Workshop on Food" held at Djakarta, May-June, 1968.
650 0 _aFood supply
_zIndonesia
_xBibliography.
710 2 0 _aNational Academy of Sciences (U.S.)
710 2 0 _aLembaga Ilmu Pengetahuan Indonesia.
999 _c87702
_d87702